000 01131nam a22002537a 4500
005 20170124103114.0
010 _aB-197944
020 _c200.00
_a8190218921
035 _aB-197944
037 _bCen Lib/Ret
040 _aDPL
_bHN
082 _a621.3
_bभटना
100 _aभटनागर , मनोज
_980480
245 _aइलेक्ट्रॉनिकस :
_c मनोज भटनागर
_bऔर उनकी देखभाल /
246 _aElectronics aur unki dekhbhal
_bbyManoj Bhatnagar
260 _aदिल्ली
_bखुराना एंड संस
_c2005
270 _a94, मानक विहार
_bदिल्ली
_e110092
300 _a159पृष्ठ. :
_c21सेमी(सजिल्द)
_bचित्र.
650 _aइलेक्ट्रॉनिक विज्ञान
_93594
650 _aइलेक्ट्रॉनिक - सामान्य जानकारी
_980481
650 _aElectronic Science
_980482
650 _aElectronic - General Information
_980483
942 _2ddc
_cHN
_h621.3
_mभटना
999 _c118489
_d118489